Capitalization theory and technique : Study guide with financial tables
| Main Author: | |
|---|---|
| Format: | Book |
| Published: |
Chicago Illinois :
American Institute Real Estate Appraisers ,
1973
|
| Subjects: |
MARC
| LEADER | 00000cam a2200000 7i4500 | ||
|---|---|---|---|
| 001 | 0000008065 | ||
| 005 | 20170105.0 | ||
| 040 | |a INS | ||
| 090 | 0 | 0 | |a HD1387 |b A52 1973 |
| 100 | 1 | |a Akerson, Charles B. | |
| 245 | 1 | 0 | |a Capitalization theory and technique : |b Study guide with financial tables |c Charles B. Akerson |
| 260 | |a Chicago Illinois : |b American Institute Real Estate Appraisers , |c 1973 | ||
| 300 | |a 90p. ; |c 28 cm. | ||
| 650 | 0 | |a Real property |x Valuation | |
| 999 | |a 0000024448 |b BOOK |c Open Shelf |e Default branch | ||